Countries by Emojis - Statistics

General Stats
  • This quiz has been taken 139 times
  • The average score is 17 of 26
Answer Stats
Hint Answer % Correct
๐Ÿฆ…๐Ÿ—ฝ ๐Ÿ” United States
99%
๐ŸŒฎ ๐ŸŒต ๐ŸŒถ Mexico
98%
๐ŸฅŸ ๐Ÿผ โ›ฉ China
87%
๐Ÿฅ ๐Ÿท ๐Ÿง€ France
84%
๐Ÿ• ๐Ÿ ๐Ÿ›ถ Italy
82%
โ˜˜๏ธ ๐Ÿป ๐Ÿฐ Ireland
81%
โ›ฐ ๐ŸŒธ โ›ฉ Japan
81%
๐Ÿ’ ๐Ÿป ๐Ÿ Canada
79%
๐Ÿ•ท ๐Ÿจ ๐ŸŒŠ Australia
77%
๐Ÿซ ๐ŸŒดโšฑ๏ธ Egypt
76%
๐Ÿป ๐Ÿฅจ ๐ŸŒญ Germany
75%
๐Ÿ‘ ๐Ÿฅ ๐Ÿ‰ New Zealand
73%
๐Ÿซ ๐ŸŸ ๐Ÿบ Belgium
69%
๐ŸŽ… โ„๏ธ โœ๏ธ Finland
65%
๐Ÿ—ฟ ๐Ÿง โ›ฐ Chile
61%
๐Ÿฐ ๐Ÿฅ– ๐Ÿง›โ€โ™‚๏ธ Romania
61%
๐Ÿป ๐Ÿพโ„๏ธ Russia
58%
โšฝ๏ธ ๐Ÿ’ ๐Ÿ– Brazil
53%
๐Ÿ•Š ๐Ÿธ ๐Ÿ› Greece
53%
๐Ÿงœโ€โ™€๏ธ โ„๏ธ โœ๏ธ Denmark
44%
๐Ÿœ ๐Ÿ˜ ๐ŸŒถ Thailand
42%
๐Ÿ•Œ โ˜ช๏ธ โ›ฐ Pakistan
41%
๐Ÿฅ˜ ๐Ÿ– โšฝ๏ธ Spain
41%
๐Ÿฆ ๐Ÿ˜ โ›ฐ Kenya
40%
๐Ÿšฌ๐ŸŒด ๐Ÿ Cuba
32%
โ˜•๏ธ ๐ŸŒ‹ ๐Ÿ Indonesia
32%
No matching quizzes found
Score Distribution
Percent of People with Each Score
Percentile by Number Answered
Your Score History
You have not taken this quiz